Les Anneaux de Pouvoirs - Statistiques

Statistiques générales
  • Ce quiz a été pris 12 fois
  • Le résultat moyen est 11 sur 16
Statistiques - réponses
Par images Réponse % Correct
Elrond
100%
Galadriel
100%
Gil-galad
100%
Isildur
100%
Adar
86%
Durin III
86%
Durin IV
86%
Elendil
86%
Theo
71%
Celebrimbor
57%
Halbrand
57%
Miriel
57%
Nori
57%
Arondir
29%
Cirdan
29%
Bronwyn
14%
Aucun quiz correspondant
Distribution des résultats
% des personnes avec chaque résultat
Percentile par nombre de réponses
Votre historique - résultats
Vous n’avez pas pris ce quiz